000 00500nam a2200193Ia 4500
008 131103s9999 xx 000 0 und d
020 _a81 237 1080 1
_cRs.9.50
040 _aLoreto College
041 _aEnglish
082 _aREF3
_bLCBED/13252
100 _aSeshagiri, N.
245 _aPollution
_cN. Seshagiri
260 _aNew Delhi
_bNational Book Trust
_c1997
300 _a72p.
_b ill.
_c 20cm.
440 _aNehru bal pustakalaya
650 _aREF3
850 _aLCBED/REF3
942 _cBK
999 _c33371
_d83850